000 00431nam a2200169 a 4500
001 0000-9094
003 ELIB.Books
008 110520 1966
035 _a(ELIB.Books)0000-9243
082 _a248
_bSho
100 _aShoemaker, Sam
245 _aUnder New Management
260 _bMichigan: Zondervan Publishing House
_c1966
650 _aChristian Life
942 _2ddc
_cBK
998 _cbat
_e2011-05-20
999 _c9094
_d9094